000
00219 a2200097 4500
001
15697
100
_a
O'Donnell W R
245
_a
Variety in Contemporary English
260
_a
_b
George Allen
_c
090
_c
12255
_d
12255
942
_a
NUST-CAE
_c
M
_c
2509
999
_c
250770
_d
250770